[Event "Mondiale Lampo FIDE 2019"]
[Site "Mosca"]
[Date "29.12.2019"]
[Round "1.45"]
[White "Melkumyan, Hrant"]
[Black "Kryakvin, Dmitry"]
[Result "1/2-1/2"]
[WhiteTitle "GM"]
[BlackTitle "GM"]
[WhiteElo "2668"]
[BlackElo "2596"]
[WhiteFideId "13302485"]
[BlackFideId "4153278"]
[EventDate "2019.12.29"]

1. d4 d5 2. c4 c6 3. Nf3 Nf6 4. g3 Bg4 5. Ne5 Bf5 6. Qb3 Qb6 7. cxd5 cxd5 8.
Qxb6 axb6 9. Nc3 Nc6 10. e3 Bd7 11. Nxd7 Kxd7 12. Bd2 e6 13. Rc1 Bd6 14. Bd3
Rhc8 15. Ke2 Ke7 16. h3 h6 17. g4 Nd7 18. a3 Kd8 19. Nb5 Be7 20. b4 Na7 21.
Rxc8+ Kxc8 22. Rc1+ Kd8 23. Rc3 Nxb5 24. Bxb5 Nf6 25. f3 Ne8 26. Bd3 Nd6 27. e4
b5 28. exd5 exd5 29. Rc5 Rxa3 30. Rxd5 Kc8 31. Bxb5 Nxb5 32. Rxb5 Rb3 33. Rf5 f6
34. b5 Kd7 35. Rh5 Bf8 36. Rd5+ Ke6 37. Rd8 Be7 38. Rg8 Kf7 39. Rc8 Rxb5 40. Kd3
Rb3+ 41. Ke4 b5 42. Rc7 Ke8 43. Rb7 Ra3 44. Kf5 Rd3 45. Ba5 Bd8 46. Bxd8 Kxd8
47. f4 Rxd4 48. Rxg7 b4 49. Rb7 Kc8 50. Rb5 Kc7 51. h4 Kc6 52. Rb8 Kc7 53. Rb5
Kc6 54. Rb8 Kc7 55. Ra8 b3 56. Ra1 b2 57. Rb1 Rb4 58. h5 Kd7 59. Kg6 Rxf4 60.
Rxb2 Rxg4+ 61. Kxh6 Ke6 62. Rb7 f5 63. Rb6+ Ke5 64. Rg6 Kf4 65. Kg7 Rh4 66. h6
Ke3 67. Re6+ Kf3 68. h7 Rxh7+ 69. Kxh7 f4 70. Kg6 Kg3 71. Kf5 f3 72. Rg6+ Kh2
73. Rh6+ Kg2 74. Rg6+ Kh2 75. Ke4 f2 76. Rh6+ Kg2 77. Rg6+ Kh2 78. Rf6 Kg2 79.
Rxf2+ Kxf2 1/2-1/2

[Event "Mondiale Lampo FIDE 2019"]
[Site "Mosca"]
[Date "29.12.2019"]
[Round "1.46"]
[White "Khanin, Semen"]
[Black "Postny, Evgeny"]
[Result "1-0"]
[WhiteTitle "IM"]
[BlackTitle "GM"]
[WhiteElo "2500"]
[BlackElo "2605"]
[WhiteFideId "4111990"]
[BlackFideId "2804344"]
[EventDate "2019.12.29"]

1. e4 e5 2. Nf3 Nc6 3. Bb5 a6 4. Ba4 Nf6 5. O-O Be7 6. d3 b5 7. Bb3 d6 8. a3 O-O
9. Nc3 Nb8 10. h3 Bb7 11. Ne2 Nbd7 12. Ng3 Nc5 13. Ba2 Ne6 14. Re1 Re8 15. c3 c5
16. Nh2 Bf8 17. Ng4 Nxg4 18. Qxg4 g6 19. f4 exf4 20. Bxf4 Bg7 21. Rf1 d5 22.
Rae1 dxe4 23. Nxe4 f5 24. Nd6 fxg4 25. Rxe6 c4 26. Rxe8+ Qxe8 27. Nxe8 Rxe8 28.
dxc4 bxc4 29. Bxc4+ Kh8 30. Bd3 g3 31. Rd1 Be5 32. Bxe5+ Rxe5 33. Bf1 Bd5 34.
Rd3 Bc4 35. Rd8+ Bg8 36. Ra8 Re1 37. Rd8 Kg7 38. Rd4 h5 39. h4 a5 40. Rf4 Be6
41. Rf3 Bg4 42. Rxg3 Be2 43. Kf2 Rxf1+ 44. Kxe2 Rb1 45. b4 a4 46. c4 Rb2+ 47.
Kf3 Kf6 48. Ke4 Rb3 49. Rxb3 1-0

[Event "Mondiale Lampo FIDE 2019"]
[Site "Mosca"]
[Date "29.12.2019"]
[Round "1.47"]
[White "Dreev, Aleksey"]
[Black "Xu, Xiangyu"]
[Result "1-0"]
[WhiteTitle "GM"]
[BlackTitle "GM"]
[WhiteElo "2677"]
[BlackElo "2582"]
[WhiteFideId "4100107"]
[BlackFideId "8608288"]
[EventDate "2019.12.29"]

1. d4 Nf6 2. Nf3 g6 3. g3 Bg7 4. Bg2 d5 5. O-O O-O 6. c4 dxc4 7. Na3 Na6 8. Nxc4
c5 9. b3 Be6 10. Nce5 cxd4 11. Qxd4 Qxd4 12. Nxd4 Bd5 13. Bb2 Bxg2 14. Kxg2 Nd5
15. Ndf3 Rac8 16. Rac1 Nab4 17. a3 Nc6 18. Rfd1 Nxe5 19. Bxe5 Nb6 20. a4 Rxc1
21. Rxc1 Rc8 22. Rd1 Bxe5 23. Nxe5 f6 24. a5 fxe5 25. axb6 axb6 26. Rd7 Kf7 27.
Rxb7 Rc2 28. e4 Rc6 29. h4 h5 30. b4 Rc4 31. Rxb6 Rxe4 32. Kf3 Re1 33. Rc6 e4+
34. Kf4 Re2 35. b5 Rxf2+ 36. Kxe4 Rb2 37. b6 Rb3 38. Kd5 Rxg3 39. Rc5 Rb3 40.
Kc6 Kf6 41. b7 Rxb7 42. Kxb7 e5 43. Kc6 g5 44. Kd5 Kf5 45. hxg5 Kxg5 1-0

[Event "Mondiale Lampo FIDE 2019"]
[Site "Mosca"]
[Date "29.12.2019"]
[Round "1.48"]
[White "Sadhwani, Raunak"]
[Black "Sarana, Alexey"]
[Result "1-0"]
[WhiteTitle "IM"]
[BlackTitle "GM"]
[WhiteElo "2507"]
[BlackElo "2663"]
[WhiteFideId "35093487"]
[BlackFideId "24133795"]
[EventDate "2019.12.29"]

1. c4 e5 2. d3 Nf6 3. Nf3 Nc6 4. a3 g6 5. g3 Bg7 6. Bg2 O-O 7. O-O Re8 8. Nc3 d6
9. b4 e4 10. dxe4 Nxe4 11. Nxe4 Rxe4 12. Rb1 Bf5 13. Nd2 Re8 14. e4 Be6 15. Bb2
Bxb2 16. Rxb2 Qf6 17. Rb3 a5 18. b5 Nd4 19. Rd3 c5 20. Re1 Rad8 21. Qc1 b6 22.
Nb3 Nxb3 23. Rxb3 Qd4 24. Rc3 f5 25. exf5 Bxf5 26. Bd5+ Kg7 27. Rce3 Rxe3 28.
Rxe3 Qf6 29. Qe1 Rf8 30. Kg2 Qb2 31. Re2 Qd4 32. Re7+ Kh8 33. Re8 Qf6 34. h3 h5
35. Qe3 Qg7 36. Re7 1-0

[Event "Mondiale Lampo FIDE 2019"]
[Site "Mosca"]
[Date "29.12.2019"]
[Round "1.49"]
[White "Salem, A.R. Saleh"]
[Black "Rozum, Ivan"]
[Result "1/2-1/2"]
[WhiteTitle "GM"]
[BlackTitle "GM"]
[WhiteElo "2675"]
[BlackElo "2573"]
[WhiteFideId "9301348"]
[BlackFideId "24104272"]
[EventDate "2019.12.29"]

1. d4 Nf6 2. c4 e6 3. Nc3 Bb4 4. e3 O-O 5. Bd3 d5 6. Nf3 b6 7. O-O Bb7 8. cxd5
exd5 9. a3 Bd6 10. b4 a6 11. Qb3 Nbd7 12. a4 Qe7 13. Rb1 c6 14. Re1 Ne4 15. Bxe4
dxe4 16. Nd2 Nf6 17. Nc4 b5 18. Nxd6 Qxd6 19. h3 Bc8 20. Qc2 Re8 21. Bd2 Be6 22.
Ne2 Bc4 23. Ra1 Nd5 24. Ng3 Qg6 25. Qd1 Nf6 26. d5 Nxd5 27. Qg4 Nf6 28. Qf5 Rad8
29. Bc3 Nd5 30. Rec1 Nxc3 31. Rxc3 Rd3 32. Rcc1 Qxf5 33. Nxf5 Red8 34. Ne7+ Kf8
35. Nxc6 R8d6 36. Ne5 Rb3 37. Nxc4 bxc4 38. Rxc4 Re6 39. Rd1 g6 40. g4 Rb2 41.
Kg2 Ra2 42. a5 Rb2 43. g5 Re5 44. h4 Rf5 45. Rf1 Re5 46. Kg3 Kg7 47. Kf4 Re6 48.
Rd4 h6 49. Kg3 hxg5 50. hxg5 Re5 51. Kf4 Rb5 52. Kxe4 R2xb4 53. f4 Rxd4+ 54.
exd4 Rxa5 55. Rc1 Ra2 56. d5 Kf8 57. Rc7 Re2+ 58. Kd4 Ke8 59. Ra7 Rf2 60. Ke5
Re2+ 61. Kf6 Re4 62. f5 gxf5 63. Rxf7 Rd4 64. Re7+ Kd8 65. Re5 f4 66. g6 f3 67.
g7 Rg4 68. Rg5 Rf4+ 69. Rf5 Rg4 70. Kf7 Kd7 71. Rxf3 Kd6 72. g8=Q Kxd5 1/2-1/2

[Event "Mondiale Lampo FIDE 2019"]
[Site "Mosca"]
[Date "29.12.2019"]
[Round "1.50"]
[White "Harsha, Bharathakoti"]
[Black "Firouzja, Alireza"]
[Result "0-1"]
[WhiteTitle "GM"]
[BlackTitle "GM"]
[WhiteElo "2523"]
[BlackElo "2723"]
[WhiteFideId "5078776"]
[BlackFideId "12573981"]
[EventDate "2019.12.29"]

1. c4 Nf6 2. Nc3 e5 3. Nf3 Nc6 4. e3 Bb4 5. Qc2 d6 6. Ne2 O-O 7. a3 Ba5 8. Ng3
Re8 9. Bd3 Qe7 10. Ne4 g6 11. O-O Nd7 12. b4 Bb6 13. Nc3 Nf6 14. Ne4 Nh5 15. c5
dxc5 16. bxc5 Ba5 17. Bb2 Bf5 18. Bc4 Rad8 19. d3 Bg4 20. Nfg5 Rf8 21. Qb3 Kg7
22. Qxb7 Bd7 23. Qb3 Rb8 24. Qc2 f6 25. Nf3 Bg4 26. Nfd2 Rfd8 27. h3 Be6 28.
Bxe6 Qxe6 29. Nc4 Qe7 30. Rfd1 f5 31. Ned2 Bxd2 32. Rxd2 Nf6 33. Qc3 Nd5 34. Qc2
Kg8 35. Re1 Re8 36. e4 Nf4 37. exf5 Qg5 38. g3 Nxh3+ 39. Kh2 Qh5 40. fxg6 Ng5+
41. Kg1 Nf3+ 42. Kf1 Qh1+ 43. Ke2 Nfd4+ 0-1

[Event "Mondiale Lampo FIDE 2019"]
[Site "Mosca"]
[Date "29.12.2019"]
[Round "1.51"]
[White "Cheparinov, Ivan"]
[Black "Tissir, Mohamed"]
[Result "1-0"]
[WhiteTitle "GM"]
[BlackTitle "IM"]
[WhiteElo "2687"]
[BlackElo "2379"]
[WhiteFideId "2905540"]
[BlackFideId "9000240"]
[EventDate "2019.12.29"]

1. d4 e6 2. c4 c5 3. d5 exd5 4. cxd5 d6 5. Nc3 Ne7 6. h4 h6 7. h5 a6 8. a4 Ng8
9. Bf4 Nf6 10. e4 Nbd7 11. Nge2 Be7 12. Ng3 O-O 13. Qd2 Re8 14. Be2 Bf8 15. O-O
Ne5 16. f3 Nh7 17. Nf5 Bxf5 18. exf5 Qd7 19. g4 f6 20. Kg2 Ng5 21. Bg3 Qc7 22.
f4 Nxg4 23. Bxg4 Ne4 24. Qd3 c4 25. Qd4 Nxc3 26. bxc3 Re7 27. Rfe1 Rae8 28. Re6
b5 29. a5 Rb8 30. Be1 Rd7 31. Bd2 Rdd8 32. Bf3 Rdc8 33. Re3 Qd7 34. Bg4 Qd8 35.
Kh3 Rc5 36. Re6 Qd7 37. Qe4 Qb7 38. Bf3 Qf7 39. Be3 Rcc8 40. Bd4 b4 41. cxb4 c3
42. Bb6 c2 43. Rc1 Rc3 44. Rxc2 Qxh5+ 45. Kg2 Rxc2+ 46. Qxc2 Qf7 47. Qc7 1-0

[Event "Mondiale Lampo FIDE 2019"]
[Site "Mosca"]
[Date "29.12.2019"]
[Round "1.52"]
[White "Triapishko, Alexandr"]
[Black "Sutovsky, Emil"]
[Result "1-0"]
[WhiteTitle "IM"]
[BlackTitle "GM"]
[WhiteElo "2502"]
[BlackElo "2643"]
[WhiteFideId "14122286"]
[BlackFideId "2802007"]
[EventDate "2019.12.29"]

1. Nf3 c5 2. g3 g6 3. c3 Bg7 4. d4 cxd4 5. cxd4 d5 6. Bg2 Nc6 7. O-O Nh6 8. Nc3
Nf5 9. e3 O-O 10. Bd2 e6 11. Rc1 Nd6 12. b3 Qd7 13. Qc2 Nb4 14. Qb1 b6 15. Ne5
Bxe5 16. dxe5 Nf5 17. Ne4 dxe4 18. Bxb4 Ba6 19. Rfd1 Bd3 20. Bxf8 Rxf8 21. Bf1
Rd8 22. Bxd3 exd3 23. Rd2 Qd5 24. Rcd1 Qxe5 25. Rxd3 Rf8 26. Qc1 Qe4 27. Rd8
Rxd8 28. Rxd8+ Kg7 29. Qd1 Kh6 30. h3 Qe5 31. Qg4 Qa1+ 32. Kg2 Qxa2 33. Qf4+ Kg7
34. g4 Ne7 35. Qe5+ Kh6 36. g5+ Kh5 37. Qf4 f5 38. gxf6 Nf5 39. f7 Nh4+ 40.
Qxh4+ Kxh4 41. f8=Q Kh5 42. Qf3+ Kh6 43. Qf4+ Kh5 44. Rd4 g5 45. Qg4+ Kg6 46.
Qxe6+ 1-0

[Event "Mondiale Lampo FIDE 2019"]
[Site "Mosca"]
[Date "29.12.2019"]
[Round "1.53"]
[White "Quparadze, Giga"]
[Black "Yilmaz, Mustafa"]
[Result "1-0"]
[WhiteTitle "GM"]
[BlackTitle "GM"]
[WhiteElo "2462"]
[BlackElo "2604"]
[WhiteFideId "13602250"]
[BlackFideId "6302718"]
[EventDate "2019.12.29"]

1. e4 c5 2. Nf3 d6 3. d4 cxd4 4. Nxd4 Nf6 5. Nc3 a6 6. g3 g6 7. Bg2 Bg7 8. O-O
O-O 9. a4 Nc6 10. Nde2 Rb8 11. Nd5 b5 12. axb5 axb5 13. Bg5 Nd7 14. Qc1 Bb7 15.
Bh6 e6 16. Bxg7 Kxg7 17. Ne3 Qc7 18. Nc3 Ba8 19. Qd2 b4 20. Ne2 Nc5 21. Ng4 f6
22. Rfd1 Rbd8 23. h4 Bb7 24. Nd4 Nxd4 25. Qxd4 Qb6 26. Qe3 e5 27. h5 g5 28. Qe2
Ba6 29. Qd2 Bc8 30. Ne3 Be6 31. Qe2 Ra8 32. b3 Rxa1 33. Rxa1 Qb7 34. Rd1 Rd8 35.
Qf3 Qf7 36. g4 Qe7 37. Qe2 Rb8 38. Nf5+ Bxf5 39. exf5 e4 40. Qd2 Rb6 41. Qd4 Qe5
42. Qd2 Qf4 43. Qe2 Ra6 44. Re1 d5 45. Qb5 Qd6 46. Qxb4 Rb6 47. Qd4 Nd7 48. Rd1
Qf4 49. Qxd5 Ne5 50. Qxe4 Qxe4 51. Bxe4 Nxg4 52. f3 Ne5 53. Kf2 Kh6 54. Ke3 g4
55. fxg4 Kg5 56. Bf3 Rb4 57. Be2 Nxg4+ 58. Bxg4 Rxg4 59. Rb1 Kxf5 60. b4 Ke5 61.
b5 Rg3+ 62. Kf2 Rc3 63. Rb2 Rc7 64. b6 Rb7 65. Kf3 f5 66. c3 Kd5 67. Kf4 Kc4 68.
Kxf5 Kxc3 69. Rb1 Kc4 70. h6 Kd5 71. Kf6 Kd6 72. Kf5 Kd5 73. Rb2 Rf7+ 74. Kg5
Rb7 75. Rd2+ Ke6 76. Re2+ Kf7 77. Rf2+ Ke6 78. Rf6+ Ke5 79. Rc6 Kd5 80. Rc7 Rxb6
81. Rxh7 Ke6 82. Rc7 Rb1 83. h7 Rh1 84. Kg6 Rg1+ 85. Kh6 Rh1+ 86. Kg7 Rg1+ 87.
Kf8 Rf1+ 88. Kg8 Rg1+ 89. Rg7 1-0

[Event "Mondiale Lampo FIDE 2019"]
[Site "Mosca"]
[Date "29.12.2019"]
[Round "1.54"]
[White "Petrosyan, Manuel"]
[Black "Vallejo Pons, Francisco"]
[Result "1/2-1/2"]
[WhiteTitle "GM"]
[BlackTitle "GM"]
[WhiteElo "2613"]
[BlackElo "2704"]
[WhiteFideId "13300857"]
[BlackFideId "2205530"]
[EventDate "2019.12.29"]

1. d4 e6 2. c4 d5 3. Nc3 a6 4. cxd5 exd5 5. Bf4 Nf6 6. e3 c5 7. dxc5 Bxc5 8. Nf3
Nc6 9. Rc1 d4 10. exd4 Nxd4 11. Nxd4 Qxd4 12. Qxd4 Bxd4 13. Be2 O-O 14. O-O Bxc3
15. bxc3 Be6 16. c4 b5 17. cxb5 axb5 18. a3 Nd5 19. Bd6 Rfd8 20. Bc5 Rab8 21.
Rfd1 h6 22. g3 Rd7 23. h4 b4 24. axb4 Nxb4 25. Rxd7 Bxd7 26. Bd6 Rb6 27. Bxb4
Rxb4 28. Bf3 Be6 29. Kg2 g6 30. Rc7 h5 31. Rc2 Rc4 1/2-1/2

[Event "Mondiale Lampo FIDE 2019"]
[Site "Mosca"]
[Date "29.12.2019"]
[Round "1.55"]
[White "Indjic, Aleksandar"]
[Black "Geller, Jakov"]
[Result "0-1"]
[WhiteTitle "GM"]
[BlackTitle "GM"]
[WhiteElo "2619"]
[BlackElo "2521"]
[WhiteFideId "911925"]
[BlackFideId "4151984"]
[EventDate "2019.12.29"]

1. e4 c5 2. Nc3 e6 3. g3 a6 4. Bg2 b5 5. f4 Bb7 6. d3 d5 7. Qe2 Nf6 8. e5 Nfd7
9. Nf3 b4 10. Nd1 Nc6 11. O-O g6 12. h4 h5 13. c3 bxc3 14. bxc3 Ne7 15. Ne3 Bg7
16. Ng5 Rb8 17. Bd2 O-O 18. g4 d4 19. cxd4 cxd4 20. Nc4 Bxg2 21. Qxg2 hxg4 22.
Qxg4 Nc5 23. Rf3 Qd5 24. Nd6 Rb2 25. Be1 Rxa2 26. Rb1 Nf5 27. Bf2 Ne3 28. Bxe3
dxe3 29. h5 Qxd3 30. Rbf1 Qd2 31. Qg3 e2 32. Re1 Rd8 33. hxg6 fxg6 34. Nge4 Nxe4
35. Nxe4 Qd4+ 36. Kg2 Qxe4 37. Qh4 Rd3 38. Qf2 Rxf3 39. Qxf3 Qxf3+ 40. Kxf3 Kf7 0-1

[Event "Mondiale Lampo FIDE 2019"]
[Site "Mosca"]
[Date "29.12.2019"]
[Round "1.56"]
[White "Sethuraman, S.P."]
[Black "Riazantsev, Alexander"]
[Result "1-0"]
[WhiteTitle "GM"]
[BlackTitle "GM"]
[WhiteElo "2638"]
[BlackElo "2639"]
[WhiteFideId "5021596"]
[BlackFideId "4125029"]
[EventDate "2019.12.29"]

1. e4 c6 2. d4 d5 3. exd5 cxd5 4. Bd3 Nc6 5. c3 Nf6 6. h3 g6 7. Nf3 Bf5 8. Bb5
a6 9. Bxc6+ bxc6 10. O-O Qc7 11. Ne5 Bg7 12. Qa4 Bd7 13. Bf4 Qb7 14. Nd2 c5 15.
Nxd7 Qxd7 16. Qa5 cxd4 17. cxd4 O-O 18. Rac1 e6 19. a4 Ne4 20. Nf3 Qb7 21. b4
Rfc8 22. Ne5 Nc3 23. Rc2 h6 24. Rfc1 Bxe5 25. dxe5 d4 26. Bxh6 Qe4 27. Kh2 Rd8
28. Qc7 Rd5 29. f4 Ne2 30. Qe7 Nxf4 31. Rf2 g5 32. Bxg5 Qxe5 33. Bxf4 Qg7 34.
Rf3 Kh7 35. Qh4+ 1-0

[Event "Mondiale Lampo FIDE 2019"]
[Site "Mosca"]
[Date "29.12.2019"]
[Round "1.57"]
[White "Shimanov, Aleksandr"]
[Black "Vavulin, Maxim"]
[Result "0-1"]
[WhiteTitle "GM"]
[BlackTitle "GM"]
[WhiteElo "2587"]
[BlackElo "2556"]
[WhiteFideId "4198603"]
[BlackFideId "4169530"]
[EventDate "2019.12.29"]

1. d4 g6 2. Nf3 Bg7 3. c3 d6 4. Bg5 h6 5. Bh4 Nf6 6. Nbd2 g5 7. Bg3 Nh5 8. e4
Nxg3 9. hxg3 c5 10. dxc5 dxc5 11. Qc2 Nc6 12. Nc4 b6 13. Rd1 Qc7 14. Ne3 e6 15.
Qa4 Bd7 16. Bb5 a6 17. Nc4 axb5 18. Qxa8+ Ke7 19. Qa6 bxc4 20. Qxc4 g4 21. Nd2
Ne5 22. Qe2 c4 23. O-O h5 24. f4 gxf3 25. Nxf3 Ng4 26. Qe1 Qc5+ 27. Kh1 Ne3 28.
Rxd7+ Kxd7 29. Qd2+ Ke7 30. Re1 Ng4 31. Qe2 Nf2+ 32. Kh2 Ng4+ 33. Kh1 Rd8 34. e5
b5 35. b4 Qf2 36. Qe4 Qxg3 37. Kg1 Qf2+ 38. Kh1 Qg3 39. Kg1 Qf2+ 40. Kh1 Qxa2
41. Qf4 Bh6 42. Qg3 Qf2 43. Qh3 Bf4 44. Qxh5 Qg3 45. Rf1 Rg8 46. Qh3 Qxh3+ 47.
gxh3 Ne3 48. Ra1 Rd8 49. Nd4 Rd5 50. Ra7+ Kf8 51. Rb7 Bxe5 52. Nxb5 Rd1# 0-1

[Event "Mondiale Lampo FIDE 2019"]
[Site "Mosca"]
[Date "29.12.2019"]
[Round "1.58"]
[White "Tsoi, Dmitry"]
[Black "Motylev, Alexander"]
[Result "0-1"]
[WhiteTitle "FM"]
[BlackTitle "GM"]
[WhiteElo "2321"]
[BlackElo "2640"]
[WhiteFideId "24194697"]
[BlackFideId "4121830"]
[EventDate "2019.12.29"]

1. f4 c5 2. Nf3 Nc6 3. g3 g6 4. Bg2 Bg7 5. e4 e6 6. O-O Nge7 7. c3 d5 8. d3 O-O
9. Be3 b6 10. e5 Ba6 11. Na3 d4 12. cxd4 Nf5 13. Bf2 cxd4 14. Nh4 Nxh4 15. Bxc6
Rc8 16. Be4 Nf5 17. Qa4 Ne3 18. Qxa6 Nxf1 19. Rxf1 Qd7 20. Nc4 Rfd8 21. a4 Bf8
22. Qb5 Qe7 23. h4 Rc5 24. Qb3 h5 25. Bf3 Qd7 26. Kg2 Rb8 27. Qa2 a6 28. Qb3 b5
29. axb5 Rcxb5 30. Qa2 a5 31. g4 hxg4 32. Bxg4 Bh6 33. Be1 Qd5+ 34. Kg3 Rxb2 35.
Qxb2 Rxb2 36. Nxb2 Qb3 37. Rf2 Qa2 38. Bd1 Qb1 39. Bxa5 Qc1 40. Rd2 Kg7 41. Nc4
Kh7 42. Bd8 Bf8 43. Ba5 Be7 44. Bb6 Bb4 45. Rg2 Qxd1 46. Nb2 Be1+ 47. Kh2 Qf3
48. Nc4 Qxf4+ 49. Kg1 Qc1 50. Kh2 Bxh4 51. Nd6 Qf4+ 52. Kh3 Be7 53. Rg4 Qf3+ 54.
Rg3 Qh5+ 55. Kg2 Qe2+ 56. Kh3 Qxe5 57. Ne4 Qh5+ 58. Kg2 Qe2+ 59. Kg1 Qd1+ 60.
Kg2 Qc2+ 61. Kh3 f5 0-1

[Event "Mondiale Lampo FIDE 2019"]
[Site "Mosca"]
[Date "29.12.2019"]
[Round "1.59"]
[White "Smirin, Ilia"]
[Black "Novikov, Stanislav"]
[Result "1/2-1/2"]
[WhiteTitle "GM"]
[BlackTitle "GM"]
[WhiteElo "2607"]
[BlackElo "2531"]
[WhiteFideId "2801990"]
[BlackFideId "4125371"]
[EventDate "2019.12.29"]

1. e4 g6 2. d4 Bg7 3. c4 d6 4. Nc3 Nf6 5. Be2 O-O 6. Bg5 h6 7. Be3 c5 8. dxc5
Qa5 9. Bd2 Qxc5 10. Nf3 Bg4 11. Be3 Qa5 12. O-O Nc6 13. Rc1 Rfc8 14. b3 a6 15.
Bd2 Qd8 16. h3 Bxf3 17. Bxf3 Nd4 18. Be3 Nxf3+ 19. Qxf3 b5 20. c5 dxc5 21. e5
Nd7 22. e6 fxe6 23. Rfd1 Qe8 24. Ne4 c4 25. bxc4 Ne5 26. Qg3 Nxc4 27. Bd4 e5 28.
Bc5 Rd8 29. Qg4 Qf7 30. Rd7 Qf5 31. Rxd8+ Rxd8 32. Qe2 Rd7 33. a4 Kh7 34. axb5
axb5 35. f3 Qe6 36. Rb1 Qc6 37. h4 Rd5 1/2-1/2

[Event "Mondiale Lampo FIDE 2019"]
[Site "Mosca"]
[Date "29.12.2019"]
[Round "1.60"]
[White "Gundavaa, Bayarsaikhan"]
[Black "Paravyan, David"]
[Result "1-0"]
[WhiteTitle "GM"]
[BlackTitle "GM"]
[WhiteElo "2489"]
[BlackElo "2629"]
[WhiteFideId "4901045"]
[BlackFideId "4194985"]
[EventDate "2019.12.29"]

1. e4 e5 2. Nf3 Nc6 3. Bb5 g6 4. O-O Bg7 5. c3 a6 6. Ba4 d6 7. h3 Nf6 8. Re1 O-O
9. d4 b5 10. Bb3 Bb7 11. Nbd2 exd4 12. cxd4 Na5 13. Bc2 c5 14. d5 Re8 15. Nf1
Nc4 16. Rb1 Nh5 17. b3 Ne5 18. N1h2 Rc8 19. g4 Nxf3+ 20. Qxf3 Nf6 21. Bd2 c4 22.
b4 Nd7 23. g5 f6 24. h4 Ne5 25. Qg3 c3 26. Be3 Nc4 27. Bd4 Na3 28. Rbc1 Nxc2 29.
Rxc2 Bxd5 30. Ng4 fxg5 31. Bxg7 Kxg7 32. Qd3 Rc4 33. Qxd5 gxh4 34. Rxc3 Rxc3 35.
Qd4+ Kf7 36. Qxc3 Qg5 37. Qf3+ Kg7 38. Kf1 Rf8 39. Qc3+ Kg8 40. Qh3 h5 41. Ne3
Qf4 42. Qg2 Kh7 43. Ke2 h3 44. Qg3 Qxe4 45. Qxd6 Qf3+ 46. Kd3 Qxf2 47. Rf1 Qxf1+
48. Nxf1 Rxf1 49. Qd7+ Kh6 50. Qxh3 Rf5 51. Qe3+ Kh7 52. Qa7+ Kh6 53. Qxa6 h4
54. Qa8 Rh5 55. Qh8+ Kg5 56. Qe5+ Kh6 57. Qf4+ Kg7 58. Qc7+ Kh6 59. Qf4+ Kg7 60.
Qd4+ Kh7 61. Qd7+ Kh6 62. Qh3 Kg7 63. Ke4 Kf6 64. Kf4 Re5 65. Qc3 g5+ 66. Kg4
Ke6 67. Qc6+ Ke7 68. a4 bxa4 69. Qxa4 Kd6 70. Qa6+ Kd5 71. b5 Re4+ 72. Kxg5 h3
73. Qc6+ Kd4 74. b6 Re5+ 75. Kg4 h2 76. b7 Rb5 77. Qxb5 h1=Q 78. Qb6+ Kd3 79.
Qb3+ Kd4 80. Qb4+ Ke5 81. b8=Q+ 1-0

[Event "Mondiale Lampo FIDE 2019"]
[Site "Mosca"]
[Date "29.12.2019"]
[Round "1.61"]
[White "Chigaev, Maksim"]
[Black "Kim, Alexey"]
[Result "1-0"]
[WhiteTitle "GM"]
[BlackTitle "GM"]
[WhiteElo "2631"]
[BlackElo "2464"]
[WhiteFideId "4108116"]
[BlackFideId "4129776"]
[EventDate "2019.12.29"]

1. e4 e6 2. Qe2 b6 3. g3 Bb7 4. Bg2 g6 5. f4 Bg7 6. Nf3 Ne7 7. O-O O-O 8. d3 d6
9. Kh1 Qc8 10. c3 c5 11. Be3 Nd7 12. Nbd2 b5 13. Rac1 a5 14. a3 Qb8 15. d4 cxd4
16. cxd4 b4 17. Rfd1 d5 18. e5 Ba6 19. Qe1 Qb6 20. g4 Rfc8 21. Qh4 Qd8 22. f5
exf5 23. Bg5 Bf8 24. gxf5 Rxc1 25. Rxc1 Rc8 26. Rg1 Qe8 27. Bxe7 Bxe7 28. f6 Bd8
29. Ng5 h5 30. Bxd5 Nb6 31. Bxf7+ Qxf7 32. Nxf7 Bb7+ 33. Ne4 Kxf7 34. Re1 Rc2
35. Kg1 Nc8 36. Ng5+ Kf8 37. Ne6+ Ke8 38. f7+ Kxf7 39. Nxd8+ Ke8 40. Nxb7 1-0

[Event "Mondiale Lampo FIDE 2019"]
[Site "Mosca"]
[Date "29.12.2019"]
[Round "1.62"]
[White "Potapov, Pavel"]
[Black "Grachev, Boris"]
[Result "1/2-1/2"]
[WhiteTitle "GM"]
[BlackTitle "GM"]
[WhiteElo "2482"]
[BlackElo "2614"]
[WhiteFideId "4169786"]
[BlackFideId "4129199"]
[EventDate "2019.12.29"]

1. e4 c5 2. Nf3 e6 3. c3 d5 4. exd5 exd5 5. d4 a6 6. Bd3 c4 7. Bc2 Bd6 8. O-O
Ne7 9. Ne5 O-O 10. Qh5 g6 11. Qf3 Bxe5 12. dxe5 Bf5 13. Bxf5 Nxf5 14. Rd1 Nc6
15. Rxd5 Qe7 16. Bf4 Rad8 17. Na3 b5 18. Rxd8 Nxd8 19. Nc2 Ne6 20. Nb4 Rd8 21.
Nc6 Qd7 22. Nxd8 Qxd8 23. Rd1 Qh4 24. g3 Qh3 25. Qg2 Nxf4 26. gxf4 Qh5 27. Rd8+
Kg7 28. Qg5 Qe2 29. Qf6+ Kh6 30. Qg5+ 1/2-1/2

[Event "Mondiale Lampo FIDE 2019"]
[Site "Mosca"]
[Date "29.12.2019"]
[Round "1.63"]
[White "Savchenko, Boris"]
[Black "Frolyanov, Dmitry"]
[Result "1/2-1/2"]
[WhiteTitle "GM"]
[BlackTitle "GM"]
[WhiteElo "2577"]
[BlackElo "2556"]
[WhiteFideId "4147332"]
[BlackFideId "4151976"]
[EventDate "2019.12.29"]

1. e4 c5 2. Be2 Nc6 3. f4 g6 4. Nf3 Bg7 5. O-O Nf6 6. d3 O-O 7. a4 Nd4 8. c3
Nxe2+ 9. Qxe2 b6 10. f5 Bb7 11. Bg5 c4 12. Nbd2 cxd3 13. Qxd3 d5 14. Bxf6 exf6
15. exd5 Qxd5 16. Qxd5 Bxd5 17. Kf2 Rfe8 18. Rfe1 Kf8 19. Nd4 Bh6 20. Nf1 Rxe1
21. Rxe1 Re8 22. Rd1 Be4 23. Ng3 Bb7 24. Nb5 a6 25. Nd6 Rd8 26. Rd4 Bc6 27. Ne2
Rd7 28. Nc4 b5 29. axb5 axb5 30. Na5 Rxd4 31. Nxd4 Bd7 32. Nab3 gxf5 33. Nc5 Be8
34. Nxf5 Bc1 35. Nd3 Bg5 36. h4 Bd7 37. g4 Bxf5 38. gxf5 Bxh4+ 39. Kf3 Ke7 40.
b3 Kd6 41. Ke4 Bg5 42. Nf2 h5 43. Kd4 Kc6 44. Ke4 Bd2 45. Kd4 Bf4 46. Ke4 Be5
47. Kd3 h4 48. c4 bxc4+ 49. bxc4 Bg3 50. Nh3 Kc5 51. Ng1 Be5 52. Nh3 Bc7 53. Nf2
Kd6 54. Ke4 Bb6 55. Nh3 Kc5 56. Kd3 Bc7 57. Nf2 Kd6 58. Ke4 Kc5 59. Kd3 Kd6 60.
Ke4 1/2-1/2

[Event "Mondiale Lampo FIDE 2019"]
[Site "Mosca"]
[Date "29.12.2019"]
[Round "1.64"]
[White "Kazakouski, Valery"]
[Black "Tomashevsky, Evgeny"]
[Result "1/2-1/2"]
[WhiteTitle "IM"]
[BlackTitle "GM"]
[WhiteElo "2485"]
[BlackElo "2705"]
[WhiteFideId "13507443"]
[BlackFideId "4147235"]
[EventDate "2019.12.29"]

1. d4 d5 2. c4 c6 3. Nf3 Nf6 4. Qc2 dxc4 5. Qxc4 Bf5 6. g3 e6 7. Bg2 Be7 8. O-O
Nbd7 9. Qb3 Qb6 10. Nbd2 O-O 11. Nc4 Qa6 12. Bf4 Be4 13. Bd6 Rfe8 14. Bxe7 Rxe7
15. Rac1 Nb6 16. Nfe5 Bxg2 17. Kxg2 Rd8 18. Rfd1 h6 19. e3 Nfd5 20. Nd2 Qa4 21.
a3 Qxb3 22. Nxb3 Nd7 23. Nf3 N7f6 24. Na5 Ne4 25. Ne5 f6 26. Nexc6 bxc6 27. Nxc6
Red7 28. Nxd8 Rxd8 29. Rd3 f5 30. f3 Nd6 31. Re1 Rc8 32. Re2 a5 33. e4 fxe4 34.
fxe4 Nb6 35. b3 a4 36. bxa4 Nxa4 37. e5 Nb5 38. d5 exd5 39. Rxd5 Nac3 40. Rc2
Ra8 41. Rd3 Ne4 42. Re2 Ng5 43. e6 Re8 44. e7 Kf7 45. h4 Ne6 46. a4 Nbc7 47. a5
Kxe7 48. Ra3 Ra8 49. Rea2 Ra6 50. Re2 1/2-1/2